Geografía por Imágenes- F - Estadísticas

Estadísticas generales
  • Esta prueba ha sido intentada 4.768 veces
  • La puntuación promedio es 11 de 18
Estadísticas de respuestas
Imagen Hint Respuesta % Correcto
país Francia
100%
país Filipinas
90%
estado Florida
83%
ciudad Florencia
82%
país Finlandia
80%
asentamiento brasileño Favela
76%
islas Feroe
75%
país Fiyi
71%
volcán Fuji
71%
tipo de entrada de mar Fiordo
61%
isla Fuerteventura
57%
estructura tectónica Falla
55%
región Flandes
47%
capital Freetown
32%
ciudad Fez
31%
ciudad Fráncfort del Meno
26%
ciudad de América Latina Fortaleza
25%
ciudad/prefectura Fukuoka
19%
No se encontraron pruebas coincidentes
Distribución de puntuación
Porcentaje de gente con cada puntuación
Porcentaje por número respondido
Historial de tus puntuaciones
No has intentado esta prueba.